00438 2200169 4500245008200000020002200082250001100104100002000115700001700135650001100152005001900163260002700182041001400209084001000223300002600233336000900259 aTanggap Bencana Alam Banjir b : Seri Tanggap BencanacArief KristiatohText a978-979-665-598-4 aCet. 1 aArief Kristiato aYana Sutisna aBanjir a20230307110215 aBandungbAngkasac2013 aIndonesia a613.6 aiv, 72 hlm. :c25 cm. atext